| 000 | 01582nam a2200349 c 4500 | ||
|---|---|---|---|
| 003 | BLK | ||
| 005 | 20210911160930.0 | ||
| 008 | 180408b bul|||||r ||||||| ||bul|| | ||
| 010 | _aKNG00079931000 | ||
| 020 |
_a978-954-535-483-0 _bиздат.: Нов бълг. унив. |
||
| 040 | _aBLK | ||
| 041 |
_aBUL _cBUL |
||
| 080 |
_aИкономическо положение. Икономическа политика. Управление. Планиране. Производство. Услуги. Цени _b338 _x(075.8) _z338(075.8) |
||
| 080 |
_aФорми на предприятията в зависимост от отношението към собствеността... _b334.72 _x.008(075.8) _z334.72.008(075.8) |
||
| 100 | 1 |
_aДойков, Деян Генов _eпърви автор _9257003 |
|
| 139 |
_aДойков, Деян Генов _bД 71 |
||
| 245 | 1 | 0 |
_aПредприемачество и предприемачески проекти _cДеян Генов Дойков. |
| 257 | _aBGR | ||
| 260 |
_аСофия _bНов бълг. унив. _c2007 |
||
| 300 |
_a584 с. _c23 см |
||
| 380 | _a3 | ||
| 500 | _aОфс. изд. - Библиогр. с. 562-566. | ||
| 650 | 4 |
_aПредприемачество _9167569 |
|
| 650 | 4 |
_aСтопански предприятия - организация и управление _9262378 |
|
| 653 | _aпредприемачество | ||
| 653 | _aучебници за ВУЗ | ||
| 852 | _aЦб 237396 | ||
| 856 | 4 |
_qpdf _u |
|
| 856 | 4 |
_qpdf _u |
|
| 942 |
_cKNG _n0 _05 |
||
| 944 |
_aCR _c05.12.2007 _kКети_Илиева |
||
| 944 |
_aED _c21.11.2012 _k |
||
| 999 |
_c75513 _d75513 |
||